| 000 | 00912nam a2200265Ia 4500 | ||
|---|---|---|---|
| 003 | GCL | ||
| 008 | 140319s9999 xx 000 0 ara d | ||
| 040 |
_aGCL / _cGCL |
||
| 082 | 0 | 4 |
_a244 _bم ا |
| 100 | 1 | _aمحمد بيومى مهران | |
| 245 | 1 | 0 |
_aالامامة واهل البيت / _cمحمد بيومى مهران |
| 260 |
_aبيروت : _bدار النهضة العربية للطباعة والنشر ، _c1992 |
||
| 300 |
_a3 مجلد ؛ _c24 سم |
||
| 490 | _a | ||
| 650 | 0 | 4 | _aالخلافة |
| 650 | 0 | 4 | _aالامامة عند الشيعة |
| 650 | 0 | 4 | _aابناء النبى |
| 650 | 0 | 4 | _aالامامة |
| 650 | 0 | 4 | _aعلى بن ابى طالب |
| 650 | 0 | 4 | _aالاسلام - السيرة النبوية |
| 650 | 0 | 4 | _aالامام موسى الكاظم |
| 650 | 0 | 4 | _aالامام محمد الجواد |
| 650 | 0 | 4 | _aالامام المهدى المنتظر |
| 942 |
_2ddc _cBK |
||
| 999 |
_c41505 _d41505 |
||